Jackson and Gasset's investigation of title / (Record no. 83474)

MARC details
000 -LEADER
campo de control de longitud fija 00492nam a2200157 i 4500
001 - NÚMERO DE CONTROL
campo de control 83474
003 - IDENTIFICADOR DE NÚMERO DE CONTROL
campo de control ES-MaACL
005 - FECHA Y HORA DE LA ÚLTIMA TRANSACCIÓN
campo de control 20230906174832.0
007 - CAMPO FIJO DE DESCRIPCIÓN FÍSICA--INFORMACIÓN GENERAL
campo de control de longitud fija t|
008 - DATOS DE LONGITUD FIJA--INFORMACIÓN GENERAL
campo de control de longitud fija 041117s1946 xxk ||||1| eng d
245 00 - MENCIÓN DEL TÍTULO
Título Jackson and Gasset's investigation of title /
Mención de responsabilidad, etc. by Edmond H. Bodkin ... [et al.].
260 ## - PUBLICACIÓN, DISTRIBUCIÓN, ETC.
Lugar de publicación, distribución, etc. London :
Nombre del editor, distribuidor, etc. Stevens and Sons,
Fecha de publicación, distribución, etc. 1946 (
Fabricante The Whitefriars Press)
300 ## - DESCRIPCIÓN FÍSICA
Extensión LXXII, 455 p. ;
Dimensiones 25 cm.
700 1# - ENTRADA AGREGADA--NOMBRE PERSONAL
Nombre de persona Bodkin, Edmond H.
9 (RLIN) 29711
852 ## - LOCALIZACIÓN
Ubicación ES-MaACL
Número de control de estantería C-4300
Sublocalización o colección R.24135
Holdings
Estatus retirado Estado de pérdida Estado de daño No para préstamo Biblioteca de origen Biblioteca actual Ubicación en estantería Fecha de adquisición Fuente de adquisición Total de préstamos Signatura topográfica completa Código de barras Visto por última vez Precio de reemplazo Tipo de ítem Koha
        Biblioteca del Ateneo de Madrid Biblioteca del Ateneo de Madrid Sala Palomar 17/01/2008     C-4300 1087246 23/02/2023 23/02/2023 Libro impreso